000 00452nam a2200193Ia 4500
008 170918s9999 xx 000 0 und d
020 _a9780590423983
050 _bJ174 1991
100 _aJacobs, Paul Samuel
245 _aSleepers, wake /
245 _cby Paul Samuel Jacobs.
260 _aNew York :
260 _bScholastic,
260 _c1991
300 _a183 pages :
300 _billustrations ;
300 _c19cm.
500 _a790
999 _c343321
_d343321